Business Data Communications : Introductory Concepts and Techniques (Record no. 1850)
[ view plain ]
| 000 -LEADER | |
|---|---|
| Fixed length control field | 00487nam a2200157 4500 |
| 003 - CONTROL NUMBER IDENTIFIER | |
| Control field | SEACOMEC |
| 005 - DATE AND TIME OF LATEST TRANSACTION | |
| Control field | 20241125134244.0 |
| 008 - FIXED-LENGTH DATA ELEMENTS--GENERAL INFORMATION | |
| Fixed length control field | 241125b |||||||| |||| 00| 0 eng d |
| 020 ## - INTERNATIONAL STANDARD BOOK NUMBER / ISBN | |
| International Standard Book Number | 978-0789568069 |
| Price | 295.00 |
| 040 ## - CATALOGING SOURCE | |
| Original cataloging agency | SEACOMEC |
| 082 ## - DEWEY DECIMAL CLASSIFICATION NUMBER | |
| Classification number | 004.6 |
| Book Number | C 549 |
| 100 ## - MAIN ENTRY--PERSONAL NAME | |
| Personal name | Shelly, Gary B. |
| 245 ## - TITLE STATEMENT | |
| Title | Business Data Communications : Introductory Concepts and Techniques |
| Statement of responsibility | / Gary B. Shelly, Thomas J. Cashman, Judy A. Hill ยท |
| 260 ## - IMPRINT | |
| Place of publication | Austrilia |
| Name of publisher | thomson |
| Date of publication | 2001 |
| 942 ## - ADDED ENTRY ELEMENTS (KOHA) | |
| Koha item type | Books |
| Withdrawn status | Lost status | Source of classification | Damaged status | Not for loan | Home library | Current library | Date acquired | Total Checkouts | Call number | Accession number | Date last seen | Price effective from | Koha item type |
|---|---|---|---|---|---|---|---|---|---|---|---|---|---|
| Dewey Decimal Classification | SEACOM ENGINEERING COLLEGE | SEACOM ENGINEERING COLLEGE | 02/08/2007 | 004.6 C 549 | 7793 | 25/11/2024 | 25/11/2024 | Books |
